[Event "SRI-chB (Women)"]
[Site "Colombo"]
[Date "2018.03.01"]
[Round "2"]
[White "Kaveesha, WV Rashini"]
[Black "De Silva, Shelani"]
[Result "0-1"]
[WhiteElo "1325"]
[BlackElo "1575"]
[PlyCount "122"]
[EventDate "2018.03.01"]
[EventType "swiss"]
[EventRounds "10"]
[EventCountry "SRI"]
[SourceTitle "EXT 2019"]
[Source "ChessBase"]
[SourceDate "2018.10.10"]
[SourceVersion "1"]
[SourceVersionDate "2018.10.10"]
[SourceQuality "1"]

1. d4 Nf6 2. Nf3 g6 3. e3 Bg7 4. c4 d6 5. Bd3 0-0 6. Nc3 Nbd7 7. Qe2 Re8 8. b3 e5 9. dxe5 dxe5 10. e4 c6 11. Bb2 Nf8 12. Rc1 Ne6 13. Qc2 Nf4 14. Bf1 Qc7 15. Ne2 N6h5 16. Nxf4 Nxf4 17. g3 Ne6 18. Bg2 f5 19. 0-0 Nc5 20. exf5 Bxf5 21. Qd2 Nd3 22. Rcd1 Nxb2 23. Qxb2 e4 24. Qc1 exf3 25. Bxf3 Rad8 26. Rfe1 Qa5 27. Rxd8 Qxd8 28. Rd1 Qf6 29. Qf4 Bh3 30. Qxf6 Bxf6 31. Bg2 Bxg2 32. Kxg2 Re2 33. Rd7 Rxa2 34. Rxb7 Bd4 35. Rb8+ Kg7 36. Rb7+ Kh6 37. Rc7 c5 38. Rf7 g5 39. h3 a5 40. g4 a4 41. bxa4 Rxa4 42. Rf3 Rxc4 43. Rf5 Rc2 44. Kg3 Kg6 45. Rf3 Rc3 46. Rxc3 Bxc3 47. Kf3 Bd4 48. Ke2 h5 49. f3 h4 50. Kd3 Kf6 51. Ke4 Ke6 52. f4 gxf4 53. Kxf4 c4 54. Ke4 c3 55. Kd3 Kf6 56. Kc2 Kg5 57. Kd3 Kf4 58. Kc2 Kg3 59. g5 Kxh3 60. g6 Kg2 61. g7 Bxg7 0-1